| 000 | 01616cam a22003135a 4500 | ||
|---|---|---|---|
| 001 | L141388 | ||
| 002 | 17161 | ||
| 008 | 061120s2007 xxkd f 000 0 eng u | ||
| 020 |
_a9781903202678 _a1903202671 |
||
| 035 | _a(Sirsi) u141388 | ||
| 041 | 0 | _aeng | |
| 050 | 0 | 4 | _a331.2166 $2 18 |
| 110 | 2 |
_aMirza and Nacey Research _bThe Fees Bureau _95085 |
|
| 245 | 0 | 0 |
_aQuantity surveyors fees _ba survey of the fees charged by professional quantity surveying practices |
| 250 | _a2008 ed. | ||
| 260 |
_aArundel _bFees Bureau _c2007 |
||
| 300 |
_a45p. _c30cm. |
||
| 350 | _a195 | ||
| 490 | 0 |
_aMirza and Nacey Quantity Surveyors Fees _v2008 |
|
| 520 | _aThe information in this publication is based on a survey of professional quantity surveying practices throughout the UK undertaken over the 24 month period to July 2007. Divided into four sections, section one examines the survey background and includes methodology and respondent profile. Section two discusses quantity surveyors charge-out rates, with section three discussing fees including contractual and regional variations and the trend in fees from 1999 to 2007. Section four contains detailed analysis of the fees data including private housing, leisure, offices, industrial, retail and public and community projects. | ||
| 520 | _aSupersedes previous edition (ISBN 1903202566). | ||
| 521 | 2 | _aAdvanced | |
| 590 | _aKA | ||
| 650 | 2 | 4 | _aMIRZA AND NACEY'S QUANTITY SURVEYORS' FEES |
| 651 | 4 |
_aUnited Kingdom _y |
|
| 690 | _aMANAGEMENT-BUSINESS MANAGEMENT-FEES | ||
| 690 | _aBUILT ENVIRONMENT-QUANTITY SURVEYING-QUANTITY SURVEYORS | ||
| 942 | _n0 | ||
| 999 |
_c107640 _d107640 |
||